00430pab a2200145 454500008004000000100001300040245008500053260000900138300001200147362001100159650005100170650002700221700001600248773002000264180718b1999 xxu||||| |||| 00| 0 eng d aAmardeep aAwareness about educational technology: a study of forestry institutions of U.P. c1999 ap.16-19 a29 Mar aEducational technology - India - Uttar Pradesh aEducational technology aSingh, B.B. aUniversity News